[Event "POL-ChT3"]
[Site "Lazy POL"]
[Date "2012.09.04"]
[Round "4"]
[White "Plonczak, Dominik"]
[Black "Brzezinski, Mateusz"]
[Result "1-0"]
[WhiteElo "2169"]
[BlackElo "2108"]
[EventDate "2012.09.01"]

1.Nf3 d5 2.d4 Nf6 3.c4 c6 4.Qc2 e6 5.g3 Nbd7 6.Bg2 Bd6 7.O-O Qe7 8.Rd1 O-O
9.Bg5 dxc4 10.Nbd2 e5 11.Nxc4 Bc7 12.e4 h6 13.Bd2 exd4 14.Nxd4 Ne5 15.Ne3 
g6 16.h3 Rd8 17.Bc3 Be6 18.b3 Ned7 19.Kh1 Nf8 20.a4 Ne8 21.a5 a6 22.f4 Bc8
23.Bb2 Bd6 24.Nc4 Bc5 25.Ne5 Nc7 26.Nexc6 bxc6 27.Nxc6 Rxd1+ 28.Rxd1 1-0

[Event "POL-ChT3"]
[Site "Lazy POL"]
[Date "2012.09.04"]
[Round "4"]
[White "Stoppel, Mariusz"]
[Black "Bartkowiak, Damian"]
[Result "0-1"]
[WhiteElo "2090"]
[BlackElo "2134"]
[EventDate "2012.09.01"]

1.e4 d5 2.exd5 Qxd5 3.Nc3 Qa5 4.d4 e5 5.dxe5 Nc6 6.Qd5 Bc5 7.Bb5 Qb6 8.
Bxc6+ bxc6 9.Qf3 Ne7 10.Nge2 Bf5 11.O-O Bxc2 12.Bg5 O-O 13.b3 Qa6 14.Bxe7 
Bxe7 15.Nd4 Bg6 16.Nxc6 Bc5 17.b4 Bb6 18.b5 Qa3 19.Rad1 Rae8 20.Rd7 f6 21.
e6 Rxe6 22.Qd5 Bf7 23.Rxf7 Kxf7 24.Re1 Qd6 25.Qb3 Re8 26.h4 Kf8 27.Rf1 Re1
28.Nd5 Qc5 29.Ne3 R8xe3 30.fxe3 Qxe3+ 31.Kh2 Rxf1 32.Qb4+ Bc5 33.Qg4 Qf4+ 
0-1

[Event "POL-ChT3"]
[Site "Lazy POL"]
[Date "2012.09.04"]
[Round "4"]
[White "Przybylski, Bartosz"]
[Black "Mazalon, Mariusz"]
[Result "1/2-1/2"]
[WhiteElo "2102"]
[BlackElo "2000"]
[EventDate "2012.09.01"]
[PlyCount "84"]

1.e4 c5 2.Nf3 d6 3.Bc4 Nf6 4.Nc3 e6 5.O-O Be7 6.d3 Nc6 7.Re1 O-O 8.h3 a6 
9.a4 Bd7 10.Bf4 Nd4 11.Nxd4 cxd4 12.Ne2 b5 13.axb5 axb5 14.Bb3 e5 15.Bh2 
Be6 16.Rxa8 Qxa8 17.c3 dxc3 18.bxc3 Bxb3 19.Qxb3 Rb8 20.f4 Nd7 21.Qb1 Bf6 
22.fxe5 dxe5 23.d4 Qc6 24.Qd3 g6 25.Kh1 b4 26.cxb4 Rxb4 27.Rc1 Qb7 28.dxe5
Bxe5 29.Bxe5 Nxe5 30.Qd8+ Kg7 31.Ng3 Rb1 32.Qc7 Rxc1+ 33.Qxc1 f6 34.Qc2 h5
35.Ne2 Qa6 36.Kh2 Qa7 37.Ng1 Qe3 38.Qe2 Qxe2 39.Nxe2 Kf7 40.Kg3 Ke6 41.
Nf4+ Kf7 42.Kf2 h4 1/2-1/2

[Event "POL-ChT3"]
[Site "Lazy POL"]
[Date "2012.09.04"]
[Round "4"]
[White "Wisniewski, Adam"]
[Black "Duszczak, Dariusz"]
[Result "0-1"]
[WhiteElo "1956"]
[BlackElo "2011"]
[EventDate "2012.09.01"]

1.e4 d5 2.exd5 Qxd5 3.Nc3 Qa5 4.d4 Nf6 5.Bb5+ c6 6.Be2 Bf5 7.Nf3 Nbd7 8.
O-O e6 9.Bf4 Bb4 10.Nb1 O-O 11.c4 Be7 12.Nc3 Nh5 13.Be3 Bg6 14.d5 exd5 15.
cxd5 Nhf6 16.dxc6 bxc6 17.Nd4 Rac8 18.Bf4 Rfd8 19.Nb3 Qf5 20.Qc1 Nd5 21.
Bg3 Bg5 22.f4 Bf6 23.Ba6 Nxc3 24.bxc3 Rb8 25.Nd4 Bxd4+ 26.cxd4 Rb6 27.Qa3 
Rdb8 28.Rad1 Rb2 29.Qc3 Bh5 30.Qd3 Qxd3 31.Rxd3 Be2 32.Ra3 Bxf1 33.Bxf1 
R8b7 34.f5 Nf6 35.Ra6 Rc7 0-1

[Event "POL-ChT3"]
[Site "Lazy POL"]
[Date "2012.09.04"]
[Round "4"]
[White "Plonczak, Mateusz"]
[Black "Marchlewicz, Damian"]
[Result "1-0"]
[WhiteElo "1965"]
[BlackElo "1936"]
[EventDate "2012.09.01"]

1.d4 d5 2.c4 Nf6 3.cxd5 Qxd5 4.Nc3 Qd8 5.Nf3 e6 6.Bg5 Be7 7.e3 O-O 8.Be2 
Nbd7 9.Rc1 c6 10.O-O Nd5 11.Bxe7 Qxe7 12.e4 Nc7 13.Re1 Nf6 14.Qb3 Rd8 15.
Red1 a5 16.a3 b5 17.e5 Nfd5 18.Nxd5 Nxd5 19.Rxc6 Bb7 20.Rc5 b4 21.axb4 
Nxb4 22.Rdc1 Rac8 23.Qa3 Rxc5 24.Rxc5 Rxd4 25.Rxa5 Bxf3 26.Bxf3 g6 27.Ra8+
Kg7 28.Qc3 Qd7 29.h3 Rf4 30.Qc5 Kh6 31.Qe3 Qd4 32.Ra4 Qxe3 33.fxe3 Rc4 34.
Kh2 Rh4 35.b3 1-0

[Event "POL-ChT3"]
[Site "Lazy POL"]
[Date "2012.09.04"]
[Round "4"]
[White "Paprocka, Renata"]
[Black "Huchwajda, Katarzyna"]
[Result "1-0"]
[WhiteElo "1985"]
[BlackElo "1867"]
[EventDate "2012.09.01"]
[PlyCount "129"]

1.d4 d5 2.Nf3 e6 3.c4 Nf6 4.Bg5 Be7 5.Nc3 O-O 6.e3 a6 7.Rc1 Nbd7 8.a3 h6 
9.Bh4 b6 10.cxd5 exd5 11.Bd3 Bb7 12.O-O Ne4 13.Bxe7 Qxe7 14.Bb1 Rac8 15.
Ba2 Qd6 16.b4 Kh8 17.Qb3 c6 18.Bb1 f5 19.Ne2 Ndf6 20.Nf4 Kh7 21.Qd1 g5 22.
Nd3 Nd7 23.Nfe5 Nxe5 24.dxe5 Qe6 25.f3 Rfd8 26.Qe2 c5 27.fxe4 dxe4 28.Nb2 
cxb4 29.axb4 b5 30.Rxc8 Rxc8 31.Qd2 Rc7 32.Qd6 Re7 33.Rxf5 Qxd6 34.exd6 
Rd7 35.Rf6 Bd5 36.Rf1 Kg6 37.Rd1 Bb7 38.Rd4 Kf5 39.Nd1 Ke5 40.Nc3 Rxd6 41.
Rxd6 Kxd6 42.Kf2 Ke5 43.Ba2 Bc6 44.Kg3 a5 45.bxa5 b4 46.Nb1 h5 47.Nd2 h4+ 
48.Kf2 Kd6 49.Bb1 Ke5 50.a6 Kd6 51.Nxe4+ Kc7 52.Bd3 g4 53.Nd2 Ba4 54.Bc4 
Kb6 55.e4 Bd7 56.e5 Kc5 57.e6 Bc6 58.g3 h3 59.Ke3 Kd6 60.Nb3 Ke5 61.a7 Kd6
62.Kf4 Bf3 63.Kf5 Ke7 64.Ke5 Bc6 65.Bd5 1-0

[Event "POL-ChT3"]
[Site "Lazy POL"]
[Date "2012.09.04"]
[Round "4"]
[White "Dors, Ryszard"]
[Black "Paprocki, Jaroslaw"]
[Result "1-0"]
[WhiteElo "2220"]
[BlackElo "2224"]
[EventDate "2012.09.01"]

1.Nf3 g6 2.c4 Bg7 3.g3 e5 4.Nc3 Nc6 5.Bg2 d6 6.d3 h6 7.Rb1 f5 8.Nd5 Nge7 
9.b4 O-O 10.b5 Nxd5 11.cxd5 Ne7 12.Nd2 f4 13.Qc2 Bg4 14.h3 Bd7 15.g4 h5 
16.Bf3 hxg4 17.hxg4 Qc8 18.Rg1 a6 19.a4 axb5 20.axb5 Ra5 21.Qc4 b6 22.Ne4 
Bf6 23.Bd2 Ra7 24.Bc3 g5 25.Kd2 Ng6 26.Ra1 Rxa1 27.Rxa1 Bd8 28.Rg1 Be7 29.
Bb2 Qa8 30.Nc3 Bd8 31.Be4 Nh4 32.f3 Qc8 33.Qa4 Bf6 34.Na2 Qe8 35.Nc3 Qc8 
36.Qa7 Rf7 37.Qa6 Qe8 38.Ra1 Kg7 39.Qb7 Bxb5 40.Ra8 Qd7 41.Qb8 Kh6 42.Qg8 
Re7 43.Rf8 1-0

[Event "POL-ChT3"]
[Site "Lazy POL"]
[Date "2012.09.04"]
[Round "4"]
[White "Lewandowski, Krzysztof"]
[Black "Gmaj, Krzysztof"]
[Result "1/2-1/2"]
[WhiteElo "2136"]
[BlackElo "2152"]
[EventDate "2012.09.01"]

1.d4 d5 2.c4 e6 3.Nf3 Nf6 4.Nc3 c6 5.e3 Nbd7 6.Qc2 Bd6 7.Bd3 O-O 8.O-O 
dxc4 9.Bxc4 b5 10.Be2 Bb7 11.Rd1 b4 12.Ne4 Qa5 13.Bd2 c5 14.Nxc5 Nxc5 15.
dxc5 Qxc5 16.Qxc5 Bxc5 17.Ne5 a5 18.Bf3 Bxf3 19.gxf3 Rfc8 20.Rac1 Kf8 21.
Rc4 Bd6 22.Rdc1 Rxc4 23.Nxc4 Bc7 24.e4 Nd7 25.b3 Ke7 26.h3 f6 27.Kf1 Ne5 
28.Nxe5 Bxe5 29.Rc6 Kd7 30.Rc4 g5 31.Ke2 Ra6 32.Be3 Rc6 33.Rc5 Ra6 34.Kd3 
Bd6 35.Rc1 Rc6 36.Rxc6 Kxc6 37.Kc4 h6 38.Bd4 e5 39.Be3 Be7 1/2-1/2

[Event "POL-ChT3"]
[Site "Lazy POL"]
[Date "2012.09.04"]
[Round "4"]
[White "Sek, Joachim"]
[Black "Lunkiewicz, Dariusz"]
[Result "1/2-1/2"]
[WhiteElo "2140"]
[BlackElo "2052"]
[EventDate "2012.09.01"]

1.e4 e6 2.d4 b6 3.Nc3 Bb7 4.Be3 d6 5.f3 Nd7 6.Nh3 Ngf6 7.Nf4 Be7 8.d5 e5 
9.Nd3 Nh5 10.Qd2 h6 11.O-O-O a6 12.g4 Nhf6 13.h4 Nc5 14.Nf2 Bc8 15.Bh3 Bd7
16.g5 Nh5 17.Bxd7+ Nxd7 18.Rdg1 Nf8 19.gxh6 g6 20.Bg5 Nh7 21.Ne2 Kd7 22.
Bxe7 Qxe7 23.Ng4 Raf8 24.Qd3 Ra8 25.Qc4 Kc8 26.Qc6 Rb8 27.Qc3 Kb7 28.Rf1 
Qd7 29.Rhg1 Rbg8 30.f4 f5 31.fxe5 fxg4 32.e6 Qd8 33.Rf7 Re8 34.Qc6+ Kb8 
35.Rgf1 N7f6 36.Nd4 Rxh6 37.R1xf6 Nxf6 38.Rxf6 Re7 39.Qc3 Rxh4 40.Rxg6 
Rh1+ 41.Kd2 Rh2+ 1/2-1/2

[Event "POL-ChT3"]
[Site "Lazy POL"]
[Date "2012.09.04"]
[Round "4"]
[White "Tabaczka, Jerzy"]
[Black "Morkisz, Bogdan"]
[Result "0-1"]
[WhiteElo "1855"]
[BlackElo "2119"]
[EventDate "2012.09.01"]

1.c4 e5 2.Nc3 Nc6 3.g3 g6 4.Bg2 Bg7 5.e3 d6 6.b3 Be6 7.Nge2 Qd7 8.h3 Nge7 
9.Bb2 O-O 10.d4 exd4 11.Nxd4 Nxd4 12.exd4 d5 13.c5 Rae8 14.Ne2 Nc6 15.Qd2 
Qe7 16.Kf1 Nd8 17.Re1 c6 18.Bf3 f5 19.h4 Nf7 20.Bc1 Qf6 21.Kg2 Bc8 22.Bb2 
Bh6 23.Nf4 g5 24.Nh5 Qg6 25.hxg5 Nxg5 26.Nf4 Nxf3 27.Kxf3 Qg4+ 28.Kg2 Qg7 
29.Rxe8 Rxe8 30.f3 Bd7 31.Bc1 Bxf4 32.Qxf4 Re2+ 33.Kf1 Qe7 34.Bd2 Be8 35.
g4 fxg4 36.Rg1 Bd7 37.fxg4 Re4 38.Qf2 Bxg4 39.Bf4 Rxf4 40.Qxf4 Qe2# 0-1

[Event "POL-ChT3"]
[Site "Lazy POL"]
[Date "2012.09.04"]
[Round "4"]
[White "Jelonek, Michal"]
[Black "Marchel, Agnieszka"]
[Result "1-0"]
[WhiteElo "2015"]
[BlackElo "1995"]
[EventDate "2012.09.01"]
[PlyCount "83"]

1.Nf3 d5 2.d4 Bf5 3.Bg5 c5 4.dxc5 Qa5+ 5.Nc3 e6 6.a3 f6 7.b4 Qd8 8.Bh4 Nc6
9.e3 Nge7 10.Nd4 e5 11.Ndb5 Ng6 12.Nxd5 Rc8 13.c4 a5 14.Qh5 Qd7 15.Be2 
axb4 16.axb4 Nxb4 17.Nxb4 Bxc5 18.Nd5 O-O 19.O-O Ne7 20.Rad1 Nxd5 21.Rxd5 
Qe6 22.Qf3 g5 23.e4 Bg6 24.Bg3 h5 25.h4 g4 26.Qd3 Qc6 27.Nd6 Rc7 28.Nf5 
Bxf5 29.exf5 Rh7 30.Kh2 Bd4 31.Qe4 Rd7 32.f3 gxf3 33.Qxf3 Rh7 34.Bf2 Bxf2 
35.Qxf2 Kh8 36.Rfd1 Qc7 37.Qc5 Qb8 38.Qxf8+ Qxf8 39.Rd8 Kg8 40.Rxf8+ Kxf8 
41.Rd6 Ke7 42.Rb6 1-0

[Event "POL-ChT3"]
[Site "Lazy POL"]
[Date "2012.09.04"]
[Round "4"]
[White "Lewandowska, Anika"]
[Black "Olbrich, Mariola"]
[Result "1-0"]
[WhiteElo "1937"]
[BlackElo "1680"]
[EventDate "2012.09.01"]

1.e4 e5 2.Bc4 Nc6 3.d3 Nf6 4.Nc3 Be7 5.Nd5 Nxd5 6.Bxd5 O-O 7.f4 Bf6 8.fxe5
Bxe5 9.Nf3 d6 10.d4 Bf6 11.O-O Bg4 12.c3 Rb8 13.Bxc6 bxc6 14.Qa4 Re8 15.h3
Bxf3 16.gxf3 Qc8 17.Kh2 Rb5 18.Qc2 Rh5 19.Qg2 Re6 20.Bf4 Rh4 21.Bg3 Rh6 
22.Rae1 Bh4 23.Bxh4 Rxh4 24.f4 Rg6 25.Qf3 Rgh6 26.Re3 Qe6 27.Qg2 Rg4 28.
Qe2 Rgh4 29.f5 Qf6 30.e5 dxe5 31.dxe5 Qe7 32.Rff3 Qc5 33.b4 Qb5 34.Qxb5 
cxb5 35.Rd3 Kf8 36.f6 gxf6 37.exf6 Re4 38.Rd8+ Re8 39.Rd2 Re6 40.Rdf2 Rg6 
41.Rf5 Ke8 42.h4 Re4 43.Kh3 Re3+ 44.R2f3 Re1 45.Rg5 Re6 46.Rxb5 Rgxf6 47.
Rxf6 Rxf6 48.Rc5 Kd7 49.a4 a6 50.Kg4 h6 51.b5 axb5 52.axb5 Rf1 53.Rf5 Rg1+
54.Kh5 Ke6 55.Rc5 Kd6 56.Rc6+ Kd7 57.Kxh6 Rg4 58.h5 f5 59.Rc5 f4 60.Rc4 
Kd6 61.Kh7 Kd7 62.h6 1-0

[Event "POL-ChT3"]
[Site "Lazy POL"]
[Date "2012.09.05"]
[Round "5"]
[White "Pakleza, Zbigniew"]
[Black "Ciesla, Adam"]
[Result "1-0"]
[WhiteElo "2475"]
[BlackElo "2336"]
[EventDate "2012.09.01"]

1.e4 e5 2.Nf3 Nc6 3.Be2 g6 4.c3 Bg7 5.b4 a6 6.d3 d6 7.a4 f5 8.Ra3 Qe7 9.b5
Nd8 10.c4 Nf6 11.Nc3 O-O 12.O-O Ne6 13.bxa6 fxe4 14.dxe4 Nc5 15.Be3 Nxa6 
16.Nd5 Qd8 17.Qc2 Ng4 18.Bg5 Bf6 19.Bd2 c6 20.Nb4 Nxb4 21.Bxb4 c5 22.Bd2 
Bg7 23.Rd1 Qc7 24.Bg5 Bh6 25.Qd2 Bxg5 26.Nxg5 Ra6 27.Qd5+ Kg7 28.Bxg4 Bxg4
29.Rb1 Rb6 30.Rab3 Rxb3 31.Rxb3 Rb8 32.Rg3 h6 33.Ne6+ Bxe6 34.Qxe6 Qf7 35.
Qxd6 Re8 36.h3 Kh7 37.Qxc5 Rd8 38.Qxe5 Rd1+ 39.Kh2 Qxf2 40.Qe7+ Kh8 41.
Qe8+ 1-0

[Event "POL-ChT3"]
[Site "Lazy POL"]
[Date "2012.09.05"]
[Round "5"]
[White "Klekowski, Maciej"]
[Black "Jedynak, Radoslaw"]
[Result "1/2-1/2"]
[WhiteElo "2332"]
[BlackElo "2492"]
[EventDate "2012.09.01"]

1.c4 e6 2.Nf3 Nf6 3.g3 b6 4.Bg2 Bb7 5.O-O Be7 6.Nc3 O-O 7.d4 Ne4 8.Qc2 
Nxc3 9.Qxc3 Bf6 10.Rd1 d6 11.Qc2 g6 12.Bh6 Re8 13.Ne5 Bxg2 14.Kxg2 Nd7 15.
Nc6 Qc8 16.Rac1 a5 17.h4 e5 18.d5 Nb8 19.Nxb8 Rxb8 20.e4 Bg7 21.Bxg7 Kxg7 
22.h5 f5 23.hxg6 hxg6 24.exf5 Qxf5 25.Qxf5 gxf5 26.Kf3 Kg6 27.a4 Rh8 28.
Rh1 Kg5 29.b3 Rbf8 30.Rcg1 Re8 31.Ke3 Kg4 32.Rh4+ Rxh4 33.gxh4+ Kxh4 34.f4
Re7 35.Kf3 e4+ 36.Ke3 Rf7 37.Rg5 Kh3 38.Kf2 Rh7 39.Ke3 Rf7 40.Kf2 Rh7 41.
Ke3 Rf7 1/2-1/2

[Event "POL-ChT3"]
[Site "Lazy POL"]
[Date "2012.09.05"]
[Round "5"]
[White "Czakon, Jakub"]
[Black "Flis, Jacek"]
[Result "0-1"]
[WhiteElo "2486"]
[BlackElo "2256"]
[EventDate "2012.09.01"]

1.d4 Nf6 2.c4 g6 3.Nc3 Bg7 4.e4 d6 5.Be2 O-O 6.Nf3 c5 7.d5 e6 8.O-O Re8 9.
Nd2 Na6 10.Rb1 Nc7 11.Qc2 exd5 12.cxd5 Nfxd5 13.exd5 Bxc3 14.Qxc3 Rxe2 15.
Nc4 Bf5 16.Bh6 f6 17.Rbe1 Re4 18.Ne3 Bd7 19.g4 Nb5 20.Qc2 Re8 21.Qd1 Nd4 
22.Nc4 b5 23.Nd2 f5 24.g5 Qa5 25.Re3 f4 26.Ne4 fxe3 27.Nf6+ Kh8 28.fxe3 
Rxe3 29.Nxd7 Rae8 30.Qg4 Re1 31.Ne5 Rxf1+ 32.Kxf1 Qd2 33.Bg7+ Kg8 34.Qd7 
Qf4+ 35.Kg2 Qxg5+ 36.Ng4 Re7 0-1

[Event "POL-ChT3"]
[Site "Lazy POL"]
[Date "2012.09.05"]
[Round "5"]
[White "Denderski, Piotr"]
[Black "Szoen, Dariusz"]
[Result "0-1"]
[WhiteElo "2240"]
[BlackElo "2418"]
[EventDate "2012.09.01"]

1.d4 g6 2.c4 Bg7 3.e4 c5 4.d5 e6 5.Nc3 exd5 6.cxd5 d6 7.Bd3 Nf6 8.Nge2 O-O
9.O-O Re8 10.h3 Nbd7 11.Ng3 a6 12.a4 Qc7 13.f4 Rb8 14.e5 dxe5 15.f5 c4 16.
Be4 Qd6 17.Kh1 Nc5 18.Bg5 Nfxe4 19.Ngxe4 Nxe4 20.Nxe4 Qb6 21.fxg6 hxg6 22.
Nf6+ Bxf6 23.Bxf6 Bf5 24.d6 Re6 25.Be7 Bd3 26.Qf3 f5 27.Qd5 Kf7 28.Rae1 
Qc6 29.Qxc6 bxc6 30.Rf2 e4 31.Re3 Rxe7 32.dxe7 Kxe7 33.Kh2 Ke6 34.h4 Ke5 
35.Kg3 Rb4 36.Re1 Rxa4 37.Re3 Ra1 38.Rf4 Kd4 0-1

[Event "POL-ChT3"]
[Site "Lazy POL"]
[Date "2012.09.05"]
[Round "5"]
[White "Gluszko, Tomasz"]
[Black "Paszewski, Mateusz"]
[Result "1/2-1/2"]
[WhiteElo "2169"]
[BlackElo "2063"]
[EventDate "2012.09.01"]

1.d4 d5 2.Nf3 Nf6 3.g3 c6 4.Bg2 Bf5 5.O-O e6 6.c4 Bd6 7.Nc3 h6 8.Qb3 Qc8 
9.a4 O-O 10.c5 Bc7 11.Bf4 Nfd7 12.Rfe1 e5 13.Nxe5 Nxe5 14.Bxe5 Bxe5 15.
dxe5 Nd7 16.e4 Nxc5 17.Qa3 Nxe4 18.Nxe4 Bxe4 19.Bxe4 dxe4 20.Rxe4 Qf5 21.
Rae1 Rad8 22.Qe3 a6 23.Kg2 Rd7 24.Rd4 Rfd8 25.Red1 Rxd4 26.Rxd4 Rxd4 27.
Qxd4 Qc2 28.b4 Qe2 29.h3 Kh8 30.Qd8+ Kh7 31.Qd4 Kh8 32.Qd8+ Kh7 33.Qd4 Kh8
34.Qd8+ Kh7 1/2-1/2

[Event "POL-ChT3"]
[Site "Lazy POL"]
[Date "2012.09.05"]
[Round "5"]
[White "Warakomska, Anna"]
[Black "Nowak, Malgorzata"]
[Result "1-0"]
[WhiteElo "2136"]
[BlackElo "2084"]
[EventDate "2012.09.01"]

1.e4 e6 2.d4 d5 3.Nc3 Bb4 4.e5 Ne7 5.a3 Bxc3+ 6.bxc3 b6 7.Qg4 Ng6 8.h4 h5 
9.Qd1 Ba6 10.Bxa6 Nxa6 11.Bg5 Qd7 12.a4 Nb8 13.Ne2 Nc6 14.Ng3 Na5 15.Nxh5 
Rh7 16.g4 Qc6 17.Qd3 Qc4 18.Ng3 Rc8 19.f4 c5 20.f5 Qxd3 21.cxd3 Nf8 22.
dxc5 Rxc5 23.Ne2 exf5 24.gxf5 g6 25.Be3 Rc8 26.Nf4 Rd8 27.fxg6 Nxg6 28.
Nxg6 fxg6 29.Bg5 Rc8 30.O-O Rc6 31.Rae1 Rf7 32.Rf6 Rcxf6 33.exf6+ Kd7 34.
Re5 Kc6 35.Re8 Nb7 36.Rg8 Nc5 37.Rxg6 Kd7 38.h5 Ke6 39.h6 Nxa4 40.Rg7 Rxg7
41.fxg7 Kf7 42.Kf2 Nc5 43.Ke3 a5 44.Bf6 Kg8 45.Bd4 Ne6 46.Bxb6 a4 47.Kd2 
a3 48.Kc2 a2 49.Kb2 Nf4 50.Kxa2 Nxd3 51.Kb3 Nc1+ 52.Kc2 Ne2 53.Kd3 Ng3 54.
Be3 Nf5 55.Ke2 Kf7 56.Kf3 Kg8 57.Bf4 Kf7 58.Kg4 Ne7 59.Be5 Ng6 60.h7 Nxe5+
61.Kf5 Kxg7 62.Kxe5 Kxh7 63.Kxd5 Kg7 64.Kd6 Kf7 65.Kd7 1-0

[Event "POL-ChT3"]
[Site "Lazy POL"]
[Date "2012.09.05"]
[Round "5"]
[White "Jurkiewicz, Krzysztof"]
[Black "Tazbir, Marcin"]
[Result "0-1"]
[WhiteElo "2314"]
[BlackElo "2554"]
[EventDate "2012.09.01"]

1.c4 e5 2.g3 f5 3.Bg2 Nf6 4.Nc3 Nc6 5.d3 Be7 6.e3 O-O 7.Nge2 Qe8 8.O-O d6 
9.f4 Kh8 10.a3 Bd8 11.Bd2 Ne7 12.Qc2 Rb8 13.Nd5 Neg8 14.Rae1 c6 15.Nxf6 
Nxf6 16.b4 e4 17.Bc3 d5 18.Be5 Ra8 19.cxd5 cxd5 20.Nc3 Be6 21.Qd2 Bb6 22.
d4 Qd7 23.Rc1 Rac8 24.Rc2 Ng4 25.Rfc1 Nxe5 26.fxe5 g5 27.Ne2 Rxc2 28.Rxc2 
h5 29.h4 f4 30.exf4 gxh4 31.gxh4 Qg7 32.Qe3 Qg4 33.Qf2 Bd8 34.Qg3 Qxg3 35.
Nxg3 Rxf4 36.Nxh5 Rxh4 37.Nf6 Bb6 38.Rd2 e3 39.Re2 Rxd4 40.Kh2 Rd1 41.Kg3 
Kg7 42.Bf3 d4 43.Kf4 Rf1 44.Rh2 d3 45.Rh7+ Kg6 46.Kg3 e2 0-1

[Event "POL-ChT3"]
[Site "Lazy POL"]
[Date "2012.09.05"]
[Round "5"]
[White "Mikrut, Dariusz"]
[Black "Zielinski, Maciej"]
[Result "1/2-1/2"]
[WhiteElo "2355"]
[BlackElo "2073"]
[EventDate "2012.09.01"]

1.d4 Nf6 2.g3 g6 3.Bg2 Bg7 4.e4 d6 5.Ne2 O-O 6.Nbc3 e5 7.h3 c6 8.Be3 Qe7 
9.a4 Na6 10.O-O Rd8 11.Re1 Be6 12.Qc1 Qf8 13.d5 Bd7 14.Qd2 h5 15.f4 Bh6 
16.Rf1 cxd5 17.fxe5 Nxe4 18.Nxe4 Bxe3+ 19.Qxe3 dxe4 20.Bxe4 Qe7 21.Bxb7 
Bxh3 22.Bxa6 Bxf1 23.Rxf1 Qxe5 24.Qf3 Rf8 25.Bb7 Rae8 26.Nc3 Qd4+ 27.Qf2 
Re3 28.Kg2 h4 29.Rd1 Rxg3+ 30.Qxg3 Qxd1 31.Nxd1 hxg3 32.a5 a6 33.b4 Rb8 
34.Bxa6 Rxb4 35.Nc3 d5 36.Bd3 d4 37.Nd5 Ra4 38.a6 f5 39.Nb6 Ra1 40.Nc8 Kf7
41.a7 Ke8 42.Bb5+ Kd8 43.Bc6 Kxc8 44.a8=Q+ Rxa8 45.Bxa8 Kc7 46.Kxg3 Kd6 
47.Kf4 Kc5 48.Bg2 Kc4 49.Bf1+ Kc3 50.Bd3 Kd2 51.Kf3 Kd1 52.Kg2 Ke1 53.Kg1 
Kd1 54.Kf1 Kd2 55.Kf2 Kd1 56.Kf3 Kc1 57.Kf4 Kd2 58.Kg5 Kc3 59.Kf4 Kd2 60.
Kf3 Kd1 61.Kg2 Ke1 62.Kg1 Kd1 63.Kf1 Kd2 64.Kf2 Kd1 65.Kg3 Ke1 66.Kf3 Kd1 
67.Kf4 Kd2 68.Ke5 Ke3 69.Kd5 f4 70.Bxg6 f3 71.Kc4 f2 72.Bd3 Kd2 73.Kb3 Kd1
1/2-1/2

[Event "POL-ChT3"]
[Site "Lazy POL"]
[Date "2012.09.05"]
[Round "5"]
[White "Zielinski, Stanislaw"]
[Black "Brzeski, Maciej"]
[Result "0-1"]
[WhiteElo "2133"]
[BlackElo "2314"]
[EventDate "2012.09.01"]

1.e4 c5 2.Nc3 Nc6 3.f4 g6 4.Nf3 Bg7 5.Bc4 e6 6.O-O Nge7 7.d3 O-O 8.Qe1 d5 
9.Bb3 Nd4 10.Nxd4 cxd4 11.Nd1 a5 12.a4 dxe4 13.dxe4 b6 14.Nf2 Bb7 15.Nd3 
Qc7 16.Qe2 Qc6 17.Re1 Rac8 18.Bd2 Rfd8 19.Qg4 Qc7 20.Re2 Kh8 21.Rae1 Bxe4 
22.Rxe4 f5 23.Qh3 fxe4 24.Rxe4 Nf5 25.Rxe6 Rd6 26.Ne5 Rxe6 27.Bxe6 Bxe5 
28.Bxc8 Qxc2 29.Qf3 Qxd2 30.Bxf5 Qe1+ 31.Qf1 Qe3+ 32.Kh1 gxf5 33.fxe5 d3 
34.h4 d2 35.Kh2 f4 0-1

[Event "POL-ChT3"]
[Site "Lazy POL"]
[Date "2012.09.05"]
[Round "5"]
[White "Barski, Radoslaw"]
[Black "Bugalski, Michal"]
[Result "1-0"]
[WhiteElo "2241"]
[BlackElo "2183"]
[EventDate "2012.09.01"]

1.e4 e6 2.d4 d5 3.Nd2 Nf6 4.e5 Nfd7 5.f4 c5 6.c3 Nc6 7.Ndf3 Qb6 8.a3 Be7 
9.b4 c4 10.a4 f6 11.Ne2 O-O 12.Be3 fxe5 13.a5 Qd8 14.dxe5 Nxb4 15.cxb4 
Bxb4+ 16.Kf2 Bxa5 17.Qb1 Bb6 18.Bxb6 Nxb6 19.g3 Bd7 20.Qc2 Qe7 21.h4 h6 
22.Ned4 Qc5 23.Bh3 a5 24.Kg2 Rfe8 25.Rhb1 Ra6 26.Qg6 Qe7 27.f5 Rf8 28.fxe6
Be8 29.Nf5 Bxg6 30.Nxe7+ Kh7 31.Nxg6 Kxg6 32.Nd4 h5 33.Rf1 Re8 34.Rf7 c3 
35.Nf5 Rxe6 36.Rxg7# 1-0

[Event "POL-ChT3"]
[Site "Lazy POL"]
[Date "2012.09.05"]
[Round "5"]
[White "Zielinski, Wojciech"]
[Black "Slabek, Grzegorz"]
[Result "1-0"]
[WhiteElo "2097"]
[BlackElo "2105"]
[EventDate "2012.09.01"]

1.e4 d5 2.exd5 Nf6 3.d4 Nxd5 4.c4 Nb6 5.Nc3 e5 6.Nf3 Bg4 7.Be2 exd4 8.Nxd4
Bxe2 9.Qxe2+ Qe7 10.Be3 Na6 11.Nf5 Qe6 12.O-O-O Qxf5 13.Bg5+ Qe6 14.Qd2 
Bd6 15.Rhe1 O-O 16.Rxe6 fxe6 17.Qe2 Rfe8 18.Ne4 Bf8 19.Rd3 Be7 20.Rh3 
Bxg5+ 21.Nxg5 h6 22.Ne4 Nd7 23.g4 Nac5 24.g5 Nxe4 25.Qxe4 hxg5 26.Qh7+ Kf8
27.Qh8+ Kf7 28.Qh5+ Kg8 29.Qxg5 Rf8 30.Qe7 Rf7 31.Qh4 Rff8 32.Qh7+ Kf7 33.
Rg3 Rg8 34.Qg6+ Ke7 35.Qg5+ Kf7 36.Rf3+ Nf6 37.Qh5+ Ke7 38.Qc5+ Kf7 39.
Qxc7+ Kg6 40.Rg3+ Kh7 41.Qf7 1-0

[Event "POL-ChT3"]
[Site "Lazy POL"]
[Date "2012.09.05"]
[Round "5"]
[White "Gosciniak, Maria"]
[Black "Jurkiewicz, Joanna"]
[Result "0-1"]
[WhiteElo "2135"]
[BlackElo "1814"]
[EventDate "2012.09.01"]

1.e4 c5 2.Nf3 e6 3.d4 cxd4 4.Nxd4 Nc6 5.Nxc6 bxc6 6.Bd3 d5 7.O-O Qb6 8.Nc3
d4 9.Na4 Qa5 10.b3 e5 11.f4 Bd6 12.c3 c5 13.fxe5 Bxe5 14.Qh5 Qc7 15.Bb5+ 
Kf8 16.Ba3 Nf6 17.Qh4 dxc3 18.Bxc5+ Kg8 19.Bc4 Be6 20.Bxe6 fxe6 21.Rac1 
Qc6 22.Rfe1 Kf7 23.Qg5 Qc7 24.h3 Rhd8 25.Rf1 Kg8 26.Qe3 Rd7 27.Nxc3 Rad8 
28.Ne2 Qa5 29.Qg5 Bb2 30.Rc2 Nxe4 31.Qg4 Nxc5 32.Rxb2 Qb6 33.Kh1 Nd3 34.
Rbb1 Nf2+ 35.Rxf2 Qxf2 36.Qxe6+ Kh8 37.Ng1 Rd2 38.Qe4 Rxa2 39.Re1 h6 40.
Rc1 Rad2 41.Qg6 Qb6 42.Rc6 Qb8 43.Rc3 Rd1 44.Rg3 Qc7 45.Kh2 R1d3 46.Nf3 
Rxb3 47.Qe6 Rxf3 48.gxf3 Rd2+ 49.Kh1 Qxg3 0-1

[Event "POL-ChT3"]
[Site "Lazy POL"]
[Date "2012.09.05"]
[Round "5"]
[White "Kalinin, Oleg"]
[Black "Jasnikowski, Zbigniew"]
[Result "1/2-1/2"]
[WhiteElo "2336"]
[BlackElo "2367"]
[EventDate "2012.09.01"]

1.Nf3 Nf6 2.c4 g6 3.Nc3 d5 4.cxd5 Nxd5 5.Nxd5 Qxd5 6.g3 Bg7 7.Bg2 O-O 8.
O-O Nc6 9.d3 a5 10.a3 a4 11.Ng5 Qb5 12.Ne4 Nd4 13.Nc3 Qb3 14.Qxb3 Nxb3 15.
Rb1 Nxc1 16.Rfxc1 c6 17.e3 Be6 18.d4 Bb3 19.f4 f5 20.Ne2 Ra5 21.Rc3 c5 22.
Rxc5 Rxc5 23.dxc5 Rc8 24.Nd4 Rxc5 25.Nxb3 axb3 26.Bxb7 e6 27.Bf3 Rc2 28.
Bd1 Rxb2 29.Rxb2 Bxb2 30.a4 Bc1 31.Bxb3 Bxe3+ 32.Kf1 Kf7 33.a5 Kf6 34.Ke2 
Bg1 35.a6 e5 36.fxe5+ Kxe5 37.Bg8 h6 38.Kf3 g5 39.h3 Ba7 40.Bf7 Bb6 41.Be8
1/2-1/2

[Event "POL-ChT3"]
[Site "Lazy POL"]
[Date "2012.09.05"]
[Round "5"]
[White "Borkowski, Franciszek"]
[Black "Walach, Marcin"]
[Result "1/2-1/2"]
[WhiteElo "2318"]
[BlackElo "2349"]
[EventDate "2012.09.01"]

1.e4 e6 2.d4 d5 3.Nc3 Nf6 4.Bg5 Be7 5.e5 Nfd7 6.Bxe7 Qxe7 7.f4 O-O 8.Nf3 
c5 9.dxc5 Nc6 10.Qd2 f6 11.exf6 Qxf6 12.g3 Nxc5 13.O-O-O Rd8 14.Nd4 Bd7 
15.Bg2 Rac8 16.Rhe1 Be8 17.Bh3 Bf7 18.Qe3 Nxd4 19.Rxd4 a5 20.g4 Re8 21.g5 
Qd8 22.Bf1 Qc7 23.Rd2 Bg6 24.Qe5 Qxe5 25.Rxe5 Rf8 26.Bh3 Rc6 27.f5 Bxf5 
28.Bxf5 Rxf5 29.Rxf5 exf5 30.Rxd5 g6 31.h4 Kg7 32.Kd2 h6 33.a3 hxg5 34.
hxg5 Rc7 35.Ke3 Ne6 36.Rxa5 Nxg5 37.Rb5 Nf7 38.Nd5 Rd7 39.Nf4 Nd6 40.Rb4 
g5 41.Ne6+ Kf6 42.Nd4 Re7+ 43.Kf2 Ne4+ 44.Kg2 Ke5 45.a4 g4 46.a5 Kf4 47.
Rb5 Rf7 48.Rd5 g3 49.b4 Kg4 50.Nxf5 Rxf5 1/2-1/2

[Event "POL-ChT3"]
[Site "Lazy POL"]
[Date "2012.09.05"]
[Round "5"]
[White "Kornasiewicz, Stanislaw"]
[Black "Tworzydlo, Piotr"]
[Result "1/2-1/2"]
[WhiteElo "2214"]
[BlackElo "2104"]
[EventDate "2012.09.01"]

1.e4 c5 2.d3 Nc6 3.g3 g6 4.Bg2 Bg7 5.Ne2 e6 6.O-O Nge7 7.c3 d5 8.Qc2 O-O 
9.Rd1 h6 10.Nd2 b6 11.Nf3 Bb7 12.Rb1 Rc8 13.a3 a5 14.a4 d4 15.Qb3 Ba6 16.
c4 Nb4 17.Ne1 f5 18.exf5 exf5 19.Nf4 Qd7 20.Bd2 Bb7 21.Bxb4 axb4 22.Bxb7 
Qxb7 23.Qc2 Rfe8 24.Qe2 Qd7 25.Qe6+ Qxe6 26.Nxe6 Kf7 27.Nxg7 Kxg7 28.Nf3 
Nc6 29.Re1 Kf7 30.Kf1 Rxe1+ 31.Kxe1 Re8+ 32.Kd2 Kf6 33.Re1 Rxe1 34.Kxe1 
Ne5 35.Nxe5 Kxe5 36.b3 f4 37.Ke2 h5 38.Kf3 fxg3 39.fxg3 Kf5 40.h3 Ke5 41.
Kf2 Kf5 42.Kf3 Ke5 43.Kf2 1/2-1/2

[Event "POL-ChT3"]
[Site "Lazy POL"]
[Date "2012.09.05"]
[Round "5"]
[White "Kolasinski, Krzysztof"]
[Black "Osipow, Nikolaj"]
[Result "1/2-1/2"]
[WhiteElo "1978"]
[BlackElo "2179"]
[EventDate "2012.09.01"]

1.Nf3 d5 2.c4 e6 3.g3 Nf6 4.Bg2 Be7 5.O-O O-O 6.b3 c5 7.Bb2 Nc6 8.cxd5 
Nxd5 9.d4 cxd4 10.Nxd4 Bd7 11.Nc3 Nxc3 12.Bxc3 Rc8 13.Rc1 a6 14.Qd2 Nxd4 
15.Bxd4 Ba3 16.Rxc8 Qxc8 17.Bxg7 Kxg7 18.Qg5+ Kh8 19.Qf6+ Kg8 20.Qg5+ Kh8 
21.Qf6+ Kg8 22.Qg5+ 1/2-1/2